[Event "BCF-chT3S 1314 (4NCL)"]
[Site "England"]
[Date "2014.01.12"]
[Round "4.105"]
[White "Fegan, Chris"]
[Black "Thomas, Richard Huw"]
[Result "0-1"]
[WhiteElo "2057"]
[BlackElo "2187"]
[PlyCount "67"]
[EventDate "2013.11.16"]
[EventType "team-swiss"]
[EventRounds "6"]
[EventCountry "ENG"]
[SourceTitle "EXT 2015"]
[Source "ChessBase"]
[SourceDate "2014.11.20"]
[SourceVersion "1"]
[SourceVersionDate "2014.11.20"]
[SourceQuality "1"]
[WhiteTeam "BCM Hippos III"]
[BlackTeam "Kings Head II"]
[WhiteTeamCountry "ENG"]
[BlackTeamCountry "ENG"]

1. d4 g6 2. e3 Bg7 3. f4 d6 4. Nf3 Nf6 5. Bd3 0-0 6. 0-0 c5 7. c3 Nc6 8. a3 e5 9. Bc2 e4 10. Nfd2 cxd4 11. cxd4 d5 12. Nc3 Re8 13. Nb3 b6 14. Bd2 Bf8 15. h3 h5 16. Be1 Be7 17. Bh4 Ba6 18. Ne2 Rc8 19. f5 Nh7 20. fxg6 fxg6 21. Bg3 Rf8 22. Rxf8+ Qxf8 23. Nf4 Qf7 24. Nd2 h4 25. Bf2 Nxd4 26. Bb1 g5 27. Qa4 Rc1+ 28. Kh2 gxf4 29. Qxd4 fxe3 30. Nxe4 exf2 31. Nxf2 Bd6+ 32. g3 Bxg3+ 33. Kg2 Bf1+ 34. Kh1 0-1

[Event "BCF-chT2c 1213 (4NCL) Promotion pool"]
[Site "England"]
[Date "2013.05.06"]
[Round "11.16"]
[White "Dickinson, Timothy R"]
[Black "Thomas, Richard Huw"]
[Result "1/2-1/2"]
[WhiteElo "2134"]
[BlackElo "2183"]
[PlyCount "31"]
[EventDate "2012.11.13"]
[EventType "team-tourn"]
[EventRounds "4"]
[EventCountry "ENG"]
[SourceTitle "EXT 2014"]
[Source "ChessBase"]
[SourceDate "2013.11.20"]
[SourceVersion "1"]
[SourceVersionDate "2013.11.20"]
[SourceQuality "1"]
[WhiteTeam "Oxford"]
[BlackTeam "Kings Head"]
[WhiteTeamCountry "ENG"]
[BlackTeamCountry "ENG"]

1. d4 Nf6 2. Nf3 d5 3. c4 c6 4. Nc3 dxc4 5. a4 Bf5 6. e3 e6 7. Bxc4 Bb4 8. 0-0 Nbd7 9. Qe2 Ne4 10. Nxe4 Bxe4 11. Bd2 Bxd2 12. Nxd2 Bg6 13. f4 h5 14. Nf3 Nf6 15. Ne5 Bf5 16. Bd3 1/2-1/2

[Event "BCF-chT2b 1213 (4NCL)"]
[Site "England"]
[Date "2013.01.12"]
[Round "3.75"]
[White "Thomas, Richard Huw"]
[Black "Davey, Mark"]
[Result "1-0"]
[WhiteElo "2183"]
[BlackElo "1990"]
[PlyCount "87"]
[EventDate "2012.11.03"]
[EventType "team-tourn"]
[EventRounds "7"]
[EventCountry "ENG"]
[SourceTitle "EXT 2014"]
[Source "ChessBase"]
[SourceDate "2013.11.20"]
[SourceVersion "1"]
[SourceVersionDate "2013.11.20"]
[SourceQuality "1"]
[WhiteTeam "Kings Head"]
[BlackTeam "North East England"]
[WhiteTeamCountry "ENG"]
[BlackTeamCountry "ENG"]

1. Nf3 c5 2. c4 Nc6 3. g3 g6 4. Bg2 Bg7 5. 0-0 Nf6 6. d4 cxd4 7. Nxd4 Qb6 8. Nb3 d6 9. Nc3 0-0 10. Bg5 Be6 11. Nd5 Bxd5 12. cxd5 Ne5 13. Qd4 Qb5 14. e4 h6 15. Bd2 Nfg4 16. Qb4 Qxb4 17. Bxb4 Nd3 18. Bd2 Bxb2 19. Rab1 Bg7 20. f4 Rfc8 21. Rf3 Nc5 22. Bh3 Nxb3 23. Rfxb3 Bd4+ 24. Kf1 h5 25. Bxg4 hxg4 26. Rxb7 Rc2 27. Rd1 Rxa2 28. Rxe7 Rb8 29. Ke2 Rbb2 30. Kd3 Bc5 31. Re8+ Kg7 32. Bc3+ f6 33. Bxb2 Rxb2 34. Rd2 Rb3+ 35. Kc2 Ra3 36. e5 fxe5 37. fxe5 Bb4 38. Rd3 Ra2+ 39. Kb3 Ra3+ 40. Kc4 Rxd3 41. Kxd3 dxe5 42. Rxe5 a5 43. Re4 Kf6 44. Rxg4 1-0

[Event "BCF-chT2b 1213 (4NCL)"]
[Site "England"]
[Date "2012.11.03"]
[Round "1.66"]
[White "Horton, Jamie A"]
[Black "Thomas, Richard Huw"]
[Result "0-1"]
[WhiteElo "2009"]
[BlackElo "2183"]
[PlyCount "62"]
[EventDate "2012.11.03"]
[EventType "team-tourn"]
[EventRounds "7"]
[EventCountry "ENG"]
[SourceTitle "EXT 2014"]
[Source "ChessBase"]
[SourceDate "2013.11.20"]
[SourceVersion "1"]
[SourceVersionDate "2013.11.20"]
[SourceQuality "1"]
[WhiteTeam "3CS Oldham"]
[BlackTeam "Kings Head"]
[WhiteTeamCountry "ENG"]
[BlackTeamCountry "ENG"]

1. e4 g6 2. d4 Bg7 3. Nc3 c6 4. Be3 d6 5. Qd2 a6 6. a4 Nd7 7. Nf3 b6 8. e5 d5 9. a5 b5 10. b4 f6 11. exf6 exf6 12. Bd3 Nf8 13. h3 Ne7 14. g4 Be6 15. Ne2 Nc8 16. Nf4 Nd6 17. 0-0-0 Qd7 18. c3 0-0-0 19. Qc2 Nc4 20. Bxc4 dxc4 21. Nxe6 Nxe6 22. Nd2 Rhf8 23. Rde1 f5 24. f3 Rde8 25. Rhf1 Nc7 26. Bg1 Nd5 27. Rxe8+ Rxe8 28. gxf5 gxf5 29. Kb2 Bh6 30. Qd1 Qe6 31. Ka1 Nxc3 0-1

[Event "BCF-chT2a 1112 (4NCL)"]
[Site "England"]
[Date "2012.02.11"]
[Round "5.7"]
[White "Thomas, Richard Huw"]
[Black "McMahon, Paul"]
[Result "1-0"]
[WhiteElo "2197"]
[BlackElo "2029"]
[PlyCount "65"]
[EventDate "2011.11.12"]
[EventType "team-tourn"]
[EventRounds "7"]
[EventCountry "ENG"]
[SourceTitle "EXT 2013"]
[Source "ChessBase"]
[SourceDate "2012.11.22"]
[SourceVersion "1"]
[SourceVersionDate "2012.11.22"]
[SourceQuality "1"]
[WhiteTeam "Kings Head"]
[BlackTeam "Poisoned Pawns"]
[WhiteTeamCountry "ENG"]
[BlackTeamCountry "ENG"]

1. Nf3 Nf6 2. g3 g6 3. Bg2 Bg7 4. 0-0 d6 5. c4 c6 6. Nc3 0-0 7. d4 Nbd7 8. b3 Re8 9. Bb2 Qc7 10. Rc1 Nf8 11. Qd2 Bd7 12. Rfd1 Rad8 13. d5 a6 14. dxc6 Bxc6 15. Nd5 Qd7 16. Nxf6+ Bxf6 17. Bxf6 exf6 18. e3 Ne6 19. Nd4 Bxg2 20. Kxg2 Ng5 21. Qe2 Qh3+ 22. Kg1 h5 23. Qf1 Qg4 24. f3 Qd7 25. e4 Kg7 26. Rc2 Ne6 27. Rcd2 Re7 28. Nc2 Qc7 29. Ne3 Qc5 30. Qf2 Red7 31. h4 Qc6 32. Nd5 Nc7 33. Nb4 1-0

[Event "BCF-chT2a 1112 (4NCL)"]
[Site "England"]
[Date "2011.11.12"]
[Round "1.5"]
[White "Cumming, Rhys"]
[Black "Thomas, Richard Huw"]
[Result "1/2-1/2"]
[WhiteElo "2010"]
[BlackElo "2197"]
[PlyCount "80"]
[EventDate "2011.11.12"]
[EventType "team-tourn"]
[EventRounds "7"]
[EventCountry "ENG"]
[SourceTitle "EXT 2013"]
[Source "ChessBase"]
[SourceDate "2012.11.22"]
[SourceVersion "1"]
[SourceVersionDate "2012.11.22"]
[SourceQuality "1"]
[WhiteTeam "Barbican Youth"]
[BlackTeam "Kings Head"]
[WhiteTeamCountry "ENG"]
[BlackTeamCountry "ENG"]

1. e4 Nc6 2. Nf3 d6 3. d4 Nf6 4. Nc3 a6 5. a3 Bg4 6. Be3 e6 7. Be2 Be7 8. h3 Bxf3 9. Bxf3 d5 10. exd5 Nxd5 11. Nxd5 exd5 12. 0-0 0-0 13. Qd3 Qd7 14. Rfe1 Rad8 15. Rad1 Bf6 16. c3 Na5 17. Bf4 Nc4 18. Qc2 b5 19. Re2 Rfe8 20. Rde1 Rxe2 21. Qxe2 h6 22. Bg4 Qc6 23. Bf5 Nd6 24. Bxd6 cxd6 25. Qf3 Kf8 26. Bb1 Re8 27. Rxe8+ Qxe8 28. Kf1 Qc6 29. Ba2 a5 30. Bxd5 Qc7 31. g3 b4 32. Kg2 bxc3 33. bxc3 Bd8 34. c4 Qe7 35. Qf4 Qf6 36. Qe4 g6 37. Bc6 Bb6 38. Qe3 Kg7 39. c5 dxc5 40. d5 Qd4 1/2-1/2

[Event "BCF-chT2 1011 (4NCL)"]
[Site "England"]
[Date "2010.11.07"]
[Round "2.52"]
[White "Thomas, Richard Huw"]
[Black "Thompson, Ian D"]
[Result "1/2-1/2"]
[WhiteElo "2197"]
[BlackElo "2268"]
[PlyCount "97"]
[EventDate "2010.11.06"]
[EventType "team-swiss"]
[EventRounds "11"]
[EventCountry "ENG"]
[SourceTitle "EXT 2012"]
[Source "ChessBase"]
[SourceDate "2011.11.24"]
[SourceVersion "1"]
[SourceVersionDate "2011.11.24"]
[SourceQuality "1"]
[WhiteTeam "Kings Head"]
[BlackTeam "Guildford A&DC II"]
[WhiteTeamCountry "ENG"]
[BlackTeamCountry "ENG"]

1. Nf3 d5 2. d4 Nf6 3. c4 e6 4. Nc3 c6 5. cxd5 exd5 6. Bg5 Be7 7. e3 Bf5 8. Bd3 Bxd3 9. Qxd3 Nbd7 10. 0-0 0-0 11. Rab1 a5 12. Rbd1 Re8 13. Nd2 b5 14. a4 b4 15. Ne2 c5 16. dxc5 Nxc5 17. Qb1 Nxa4 18. Nd4 Qd7 19. N2f3 Ng4 20. Bxe7 Qxe7 21. Nf5 Qf6 22. Rd4 Ne5 23. Nxe5 Rxe5 24. Ng3 Nc5 25. Rfd1 Ne4 26. Nxe4 dxe4 27. Rxe4 Rxe4 28. Qxe4 Rd8 29. Rxd8+ Qxd8 30. g3 g6 31. Qc6 Kg7 32. Kg2 Qf6 33. Qc2 a4 34. Qxa4 Qxb2 35. e4 Qd4 36. e5 Qd5+ 37. Kg1 b3 38. Qb4 h5 39. h4 Qd3 40. Qb6 Qc4 41. Kg2 Kh7 42. Qb7 Kh6 43. Qb8 Qd5+ 44. Kg1 Kh7 45. Qb6 Qd1+ 46. Kg2 Qc2 47. Qb7 Qc4 48. Qb6 Qe6 49. Qb5 1/2-1/2

[Event "BCF-chT2 1011 (4NCL)"]
[Site "England"]
[Date "2010.11.06"]
[Round "1.64"]
[White "Collier, David"]
[Black "Thomas, Richard Huw"]
[Result "0-1"]
[WhiteElo "2108"]
[BlackElo "2197"]
[PlyCount "60"]
[EventDate "2010.11.06"]
[EventType "team-swiss"]
[EventRounds "11"]
[EventCountry "ENG"]
[SourceTitle "EXT 2012"]
[Source "ChessBase"]
[SourceDate "2011.11.24"]
[SourceVersion "1"]
[SourceVersionDate "2011.11.24"]
[SourceQuality "1"]
[WhiteTeam "Bristol"]
[BlackTeam "Kings Head"]
[WhiteTeamCountry "ENG"]
[BlackTeamCountry "ENG"]

1. d4 g6 2. c4 Bg7 3. Nc3 d6 4. e4 Nc6 5. Be3 e5 6. d5 Nce7 7. Bd3 f5 8. exf5 Nxf5 9. Bxf5 Bxf5 10. Nge2 Nf6 11. Ng3 0-0 12. f3 e4 13. Nxf5 gxf5 14. 0-0 exf3 15. gxf3 Nd7 16. Qd2 Ne5 17. Bg5 Qe8 18. Qf4 Qh5 19. Kh1 h6 20. Be7 Rf7 21. Qh4 Qxh4 22. Bxh4 Nxc4 23. Rg1 Kh7 24. Be1 Re8 25. b3 Ne5 26. Rf1 Nd3 27. Bd2 Bd4 28. h3 Rg7 29. Rab1 Nf2+ 30. Kh2 Reg8 0-1

[Event "BCF-chT2c 0910 (4NCL) Promotion pool"]
[Site "England"]
[Date "2010.05.03"]
[Round "11.4"]
[White "Thomas, Richard Huw"]
[Black "Hutchinson, Norman A"]
[Result "1/2-1/2"]
[WhiteElo "2220"]
[BlackElo "2092"]
[PlyCount "87"]
[EventDate "2009.10.24"]
[EventType "team-tourn"]
[EventRounds "4"]
[EventCountry "ENG"]
[SourceTitle "EXT 2010"]
[Source "ChessBase"]
[SourceDate "2010.11.25"]
[SourceVersion "1"]
[SourceVersionDate "2010.11.25"]
[SourceQuality "1"]
[WhiteTeam "Kings Head"]
[BlackTeam "Poisoned Pawns II"]
[WhiteTeamCountry "ENG"]
[BlackTeamCountry "ENG"]

1. Nf3 Nf6 2. g3 c6 3. Bg2 d5 4. b3 Bf5 5. Ba3 Nbd7 6. 0-0 Qc7 7. d3 e5 8. Bxf8 Nxf8 9. Nbd2 Rd8 10. Qc1 Ng6 11. Qa3 b6 12. c4 d4 13. Rab1 h5 14. h4 e4 15. dxe4 Nxe4 16. Rb2 c5 17. b4 0-0 18. bxc5 Nxc5 19. Nb3 Ne6 20. Rc1 Ne5 21. Nxe5 Qxe5 22. Rd2 g5 23. hxg5 h4 24. Na1 d3 25. Qb2 Qxb2 26. Rxb2 hxg3 27. fxg3 Nxg5 28. Nb3 Rfe8 29. Kf2 Be4 30. Bf1 Rd6 31. exd3 Rf6+ 32. Kg1 Nf3+ 33. Kg2 Ne1+ 34. Kh3 Bf5+ 35. Kh2 Rh6+ 36. Kg1 Nf3+ 37. Kf2 Rh2+ 38. Bg2 Bxd3 39. Kxf3 Be4+ 40. Kf4 Bxg2 41. Rcc2 Re4+ 42. Kg5 Re5+ 43. Kf4 Re4+ 44. Kg5 1/2-1/2

[Event "BCF-chT2a 0910 (4NCL)"]
[Site "England"]
[Date "2010.02.20"]
[Round "5.3"]
[White "Hall, Daniel"]
[Black "Thomas, Richard Huw"]
[Result "0-1"]
[WhiteElo "2138"]
[BlackElo "2220"]
[PlyCount "68"]
[EventDate "2009.10.24"]
[EventType "team-tourn"]
[EventRounds "7"]
[EventCountry "ENG"]
[SourceTitle "EXT 2010"]
[Source "ChessBase"]
[SourceDate "2010.11.25"]
[SourceVersion "1"]
[SourceVersionDate "2010.11.25"]
[SourceQuality "1"]
[WhiteTeam "Brown Jack"]
[BlackTeam "Kings Head"]
[WhiteTeamCountry "ENG"]
[BlackTeamCountry "ENG"]

1. e4 g6 2. d4 Bg7 3. Nf3 d6 4. Bc4 c6 5. a4 d5 6. exd5 cxd5 7. Bb5+ Bd7 8. Nc3 Nf6 9. Bg5 Bxb5 10. axb5 Nbd7 11. 0-0 0-0 12. Re1 e6 13. Qd2 Re8 14. Ne5 Qc7 15. Bf4 Nxe5 16. Bxe5 Qd7 17. Qg5 h6 18. Qh4 g5 19. Qh3 Ne4 20. Bxg7 Kxg7 21. f4 f5 22. fxg5 hxg5 23. Nxe4 dxe4 24. Qe3 Kg6 25. c4 Rh8 26. g3 a6 27. d5 axb5 28. dxe6 Qxe6 29. cxb5 Rad8 30. Ra7 Rh7 31. g4 fxg4 32. Qxe4+ Qxe4 33. Rxe4 Rd1+ 34. Kg2 Kf5 0-1

[Event "BCF-chT2a 0910 (4NCL)"]
[Site "England"]
[Date "2010.01.16"]
[Round "3.3"]
[White "Thomas, Richard Huw"]
[Black "Norman, Kenneth I"]
[Result "1/2-1/2"]
[WhiteElo "2220"]
[BlackElo "2182"]
[PlyCount "51"]
[EventDate "2009.10.24"]
[EventType "team-tourn"]
[EventRounds "7"]
[EventCountry "ENG"]
[SourceTitle "EXT 2010"]
[Source "ChessBase"]
[SourceDate "2010.11.25"]
[SourceVersion "1"]
[SourceVersionDate "2010.11.25"]
[SourceQuality "1"]
[WhiteTeam "Kings Head"]
[BlackTeam "AMCA Dragons"]
[WhiteTeamCountry "ENG"]
[BlackTeamCountry "ENG"]

1. d4 Nf6 2. c4 g6 3. Nc3 d5 4. Nf3 Bg7 5. Bf4 0-0 6. e3 c5 7. dxc5 Qa5 8. Rc1 dxc4 9. Bxc4 Qxc5 10. Bb3 Bg4 11. 0-0 Qb4 12. h3 Bxf3 13. Qxf3 Nc6 14. Bg5 Ne5 15. Qe2 e6 16. Rfd1 Rfd8 17. Qb5 Rxd1+ 18. Rxd1 Qxb5 19. Nxb5 Ne4 20. Be7 Nc6 21. Ba3 a6 22. Nd4 Nxd4 23. exd4 Nf6 24. d5 Nxd5 25. Bxd5 exd5 26. Rxd5 1/2-1/2

[Event "BCF-chT2b 0809 (4NCL)"]
[Site "Hinckley Island"]
[Date "2008.12.07"]
[Round "4.3"]
[White "Yeo, Michael J"]
[Black "Thomas, Richard Huw"]
[Result "1/2-1/2"]
[WhiteElo "2103"]
[BlackElo "2189"]
[PlyCount "80"]
[EventDate "2008.10.04"]
[EventType "team-tourn"]
[EventRounds "7"]
[EventCountry "ENG"]
[SourceTitle "EXT 2010"]
[Source "ChessBase"]
[SourceDate "2010.11.25"]
[SourceVersion "1"]
[SourceVersionDate "2010.11.25"]
[SourceQuality "1"]
[WhiteTeam "Wessex"]
[BlackTeam "Kings Head"]
[WhiteTeamCountry "ENG"]
[BlackTeamCountry "ENG"]

1. e4 e6 2. d4 d5 3. Nc3 dxe4 4. Nxe4 Bd7 5. Nf3 Bc6 6. Bd3 Bxe4 7. Bxe4 c6 8. c3 Nf6 9. Bc2 Nbd7 10. 0-0 Bd6 11. Re1 Qc7 12. c4 0-0 13. Bg5 Rfe8 14. c5 Bf8 15. Ne5 Nxe5 16. Rxe5 Nd7 17. Re4 g6 18. Qf3 Bg7 19. Rae1 Nf8 20. Bf4 Qd7 21. Bd6 h5 22. g4 hxg4 23. Rxg4 Nh7 24. h4 Nf6 25. Rg5 Qd8 26. Kg2 Qa5 27. Re2 Qxa2 28. Bb3 Qb1 29. h5 Nxh5 30. Bc2 Qa2 31. b3 Qa1 32. Rxh5 gxh5 33. Qxh5 f5 34. Bxf5 exf5 35. Rxe8+ Rxe8 36. Qxe8+ Kh7 37. Qh5+ Kg8 38. Qe8+ Kh7 39. Qh5+ Kg8 40. Qxf5 Qxd4 1/2-1/2

[Event "BCF-chT2b 0809 (4NCL)"]
[Site "Hinckley Island"]
[Date "2008.10.05"]
[Round "2.3"]
[White "Thompson, Ian D"]
[Black "Thomas, Richard Huw"]
[Result "0-1"]
[WhiteElo "2272"]
[BlackElo "2189"]
[PlyCount "114"]
[EventDate "2008.10.04"]
[EventType "team-tourn"]
[EventRounds "7"]
[EventCountry "ENG"]
[SourceTitle "EXT 2010"]
[Source "ChessBase"]
[SourceDate "2010.11.25"]
[SourceVersion "1"]
[SourceVersionDate "2010.11.25"]
[SourceQuality "1"]
[WhiteTeam "Guildford III"]
[BlackTeam "Kings Head"]
[WhiteTeamCountry "ENG"]
[BlackTeamCountry "ENG"]

1. c4 g6 2. Nc3 Bg7 3. g3 c5 4. Bg2 Nc6 5. Nf3 b6 6. 0-0 Bb7 7. e3 Nf6 8. d4 0-0 9. d5 Na5 10. Nd2 e6 11. Rb1 exd5 12. cxd5 d6 13. Re1 Qd7 14. b3 Ng4 15. Qc2 Ba6 16. f4 f5 17. h3 Nf6 18. a3 Rac8 19. Bb2 Rfe8 20. e4 Bb7 21. Nc4 Nxc4 22. bxc4 fxe4 23. g4 Rf8 24. Nd1 Rce8 25. Ne3 Bc8 26. f5 Qf7 27. g5 gxf5 28. gxf6 Bxf6 29. Qf2 Bxb2 30. Rxb2 f4 31. Ng4 Qg6 32. Kh1 f3 33. Bf1 Bxg4 34. hxg4 Qxg4 35. Qe3 Re5 36. Rh2 Qf4 37. Qxf4 Rxf4 38. Re3 Rg5 39. Rf2 Rh4+ 40. Rh2 Rhg4 41. Rf2 Re5 42. Bh3 Rh4 43. Rh2 Kg7 44. Kg1 Reh5 45. Kf2 Kf6 46. Kg3 Ke5 47. Re1 Rf4 48. Kf2 Rfh4 49. Kg3 Rh6 50. Reh1 R4h5 51. Kg4 Rf5 52. Kg3 Rg5+ 53. Kf2 Kf4 54. Bd7 e3+ 55. Kf1 e2+ 56. Kf2 Rxh2+ 57. Rxh2 Rg2+ 0-1

[Event "BCF-chT2 0708 (4NCL)"]
[Site "Sunningdale"]
[Date "2008.05.05"]
[Round "11.3"]
[White "Thomas, Richard Huw"]
[Black "Hamdouchi, Adina Maria"]
[Result "1/2-1/2"]
[WhiteElo "2185"]
[BlackElo "2297"]
[PlyCount "91"]
[EventDate "2007.09.15"]
[EventType "team-tourn"]
[EventRounds "11"]
[EventCountry "ENG"]
[SourceTitle "EXT 2023"]
[Source "ChessBase"]
[SourceDate "2022.10.05"]
[SourceVersion "1"]
[SourceVersionDate "2022.10.05"]
[SourceQuality "1"]
[WhiteTeam "Kings Head"]
[BlackTeam "Pride and Prejudice"]
[WhiteTeamCountry "ENG"]
[BlackTeamCountry "ENG"]

1. d4 Nf6 2. c4 g6 3. Nc3 Bg7 4. e4 0-0 5. f3 c6 6. Bd3 d6 7. Nge2 e5 8. Be3 Nbd7 9. Qd2 Re8 10. 0-0-0 a6 11. Kb1 b5 12. d5 bxc4 13. dxc6 cxd3 14. cxd7 Bxd7 15. Qxd3 Bf8 16. Bg5 Be6 17. Qd2 Rb8 18. h4 Rb6 19. Na4 Rb7 20. Nc5 Rb5 21. Nxe6 fxe6 22. Nc3 Rb7 23. h5 Qe7 24. hxg6 hxg6 25. Bh6 Reb8 26. b3 Rc8 27. Bxf8 Qxf8 28. Kb2 Rbc7 29. Rc1 Rc6 30. g4 Qg7 31. Ne2 Rxc1 32. Rxc1 Rxc1 33. Qxc1 Qb7 34. Qh6 Qf7 35. Qd2 Qc7 36. Qd3 Qb6 37. a4 Nd7 38. Qc4 Kf7 39. b4 a5 40. Kb3 axb4 41. Qb5 Qe3+ 42. Kxb4 Nc5 43. Nc3 Nd3+ 44. Kb3 Nc5+ 45. Kb4 Nd3+ 46. Kb3 1/2-1/2

[Event "BCF-chT2 0708 (4NCL)"]
[Site "Sunningdale"]
[Date "2007.09.15"]
[Round "1"]
[White "Corke, Anya Sun"]
[Black "Thomas, Richard Huw"]
[Result "1-0"]
[WhiteElo "2149"]
[BlackElo "2185"]
[PlyCount "79"]
[EventDate "2007.09.15"]
[EventType "team-tourn"]
[EventRounds "11"]
[EventCountry "ENG"]
[SourceTitle "CBM 120 Extra"]
[Source "ChessBase"]
[SourceDate "2007.11.01"]
[SourceVersion "1"]
[SourceVersionDate "2007.11.01"]
[SourceQuality "1"]
[WhiteTeam "White Rose"]
[BlackTeam "Kings Head"]
[WhiteTeamCountry "ENG"]
[BlackTeamCountry "ENG"]

1. d4 g6 2. c4 Bg7 3. Nf3 d6 4. Nc3 Bg4 5. e3 Nc6 6. Be2 Nf6 7. d5 Bxf3 8. gxf3 Ne5 9. f4 Ned7 10. Qc2 e6 11. Bf3 Rb8 12. b3 a6 13. Bb2 Qe7 14. h4 e5 15. f5 0-0 16. h5 Nxh5 17. Bxh5 gxh5 18. Rxh5 Nf6 19. Rh3 b5 20. cxb5 axb5 21. 0-0-0 h6 22. Rg1 Kh7 23. Ne4 Nxe4 24. f6 Qxf6 25. Qxe4+ Kh8 26. f4 Rbe8 27. Rh5 Rg8 28. fxe5 dxe5 29. Rf5 Qe7 30. Kb1 f6 31. Rg6 Rgf8 32. Rh5 Rf7 33. Qf5 b4 34. e4 Qd7 35. Qf3 Kh7 36. Qg2 f5 37. exf5 Ref8 38. Rgxh6+ Bxh6 39. Rxh6+ Kxh6 40. Qg6# 1-0

[Event "BCF-chT3 0607 (4NCL)"]
[Site "Sunningdale"]
[Date "2006.11.12"]
[Round "4.5"]
[White "Thomas, Richard Huw"]
[Black "Spence, David"]
[Result "1/2-1/2"]
[WhiteElo "2190"]
[BlackElo "2184"]
[PlyCount "80"]
[EventDate "2006.09.16"]
[EventType "team"]
[EventRounds "11"]
[EventCountry "ENG"]
[SourceTitle "EXT 2008"]
[Source "ChessBase"]
[SourceDate "2007.11.25"]
[SourceVersion "1"]
[SourceVersionDate "2007.11.25"]
[SourceQuality "1"]
[WhiteTeam "Kings Head"]
[BlackTeam "NW Eagles II"]
[WhiteTeamCountry "ENG"]
[BlackTeamCountry "ENG"]

1. d4 e6 2. c4 Nf6 3. g3 d5 4. Bg2 Be7 5. Nf3 0-0 6. 0-0 dxc4 7. Na3 Bxa3 8. bxa3 c5 9. Bb2 Nbd7 10. Qc2 cxd4 11. Nxd4 Nb6 12. a4 Bd7 13. a5 Ba4 14. Qd2 Nbd5 15. e4 c3 16. Bxc3 Nxc3 17. Qxc3 Qe7 18. Rfc1 Rfd8 19. Rab1 Qd7 20. Nb3 Bxb3 21. axb3 Rac8 22. Qb4 Rc7 23. Bf3 Qc8 24. Rd1 Rxd1+ 25. Rxd1 Rd7 26. Rxd7 Nxd7 27. Qd6 b6 28. axb6 Nxb6 29. e5 g6 30. Bc6 Kg7 31. h4 Qa6 32. Qd4 Qc8 33. Be4 Qc7 34. f4 h5 35. Kg2 Qc1 36. Qd3 Qe1 37. Bf3 Qb4 38. Kh3 Qe7 39. Qd6 Nc8 40. Qd4 Kh7 1/2-1/2

[Event "BCF-chT2 0405 (4NCL)"]
[Site "West Bromwich"]
[Date "2005.04.09"]
[Round "7.2"]
[White "Thomas, Richard Huw"]
[Black "Collier, David"]
[Result "1/2-1/2"]
[WhiteElo "2232"]
[BlackElo "2130"]
[PlyCount "89"]
[EventDate "2004.09.18"]
[EventType "team"]
[EventRounds "11"]
[EventCountry "ENG"]
[SourceTitle "EXT 2006"]
[Source "ChessBase"]
[SourceDate "2005.11.24"]
[SourceVersion "1"]
[SourceVersionDate "2005.11.24"]
[SourceQuality "1"]
[WhiteTeam "Kings Head"]
[BlackTeam "Bristol II"]
[WhiteTeamCountry "ENG"]
[BlackTeamCountry "ENG"]

1. d4 Nf6 2. c4 e6 3. g3 Bb4+ 4. Bd2 a5 5. Bg2 Nc6 6. Nf3 d5 7. a3 Be7 8. Qc2 dxc4 9. Qxc4 Qd5 10. Qxd5 exd5 11. Bf4 Bg4 12. Nbd2 0-0-0 13. 0-0 Ne4 14. Rfd1 h6 15. h3 Be6 16. Rac1 g5 17. Be3 f6 18. Ne1 Nd6 19. Nd3 Nf5 20. Nf3 Nxe3 21. fxe3 Bd6 22. Kf2 Ne7 23. Nd2 Nf5 24. Nf1 h5 25. Nc5 Bxc5 26. Rxc5 b6 27. Rc6 Rd6 28. Rc3 Re8 29. Rdc1 Re7 30. b4 axb4 31. axb4 Kb8 32. Ra1 Bc8 33. Bf3 h4 34. g4 Ng7 35. Nh2 Bb7 36. Bg2 Rc6 37. Rxc6 Bxc6 38. Nf3 Ne8 39. Nd2 Nd6 40. Bf3 Re8 41. Ra3 Kb7 42. Ra1 Ra8 43. Rxa8 Kxa8 44. Nb1 Nb5 45. Ke1 1/2-1/2